U.S. States Without the Letter E - Statistics

General Stats
  • This quiz has been taken 375 times
  • The average score is 21 of 30
Answer Stats
Hint Answer % Correct
State California
88%
State Alaska
84%
State Alabama
82%
State Florida
82%
State Hawaii
80%
State North Dakota
78%
State South Dakota
78%
State Arizona
77%
State Arkansas
77%
State Ohio
75%
State Colorado
74%
State North Carolina
74%
State South Carolina
74%
State Washington
72%
State Idaho
69%
State Mississippi
69%
State Wyoming
69%
State Illinois
68%
State Kansas
68%
State Indiana
67%
State Iowa
67%
State Virginia
67%
State Louisiana
66%
State Utah
65%
State Michigan
64%
State Missouri
63%
State Montana
63%
State Maryland
61%
State Wisconsin
56%
State Oklahoma
55%
No matching quizzes found
Score Distribution
Percent of People with Each Score
Percentile by Number Answered
Your Score History
You have not taken this quiz